| 000 | 00729nam a2200241 a 4500 | ||
|---|---|---|---|
| 008 | |||
| 020 | _a0713135654 (pbk.) | ||
| 049 | _aMAIN | ||
| 090 | _aTP1120 MIL | ||
| 100 | 1 | _aMills, N. J. | |
| 245 | 1 | 0 |
_aPlastics : _bmicrostructure, properties, and applications / _cN.J. Mills. |
| 260 |
_aLondon ; _aBaltimore, Md., USA : _bE. Arnold, _c1986. |
||
| 300 |
_axi, 300 p. : _bill. ; _c23 cm. |
||
| 440 | 0 | _aMetallurgy and materials science. | |
| 504 | _aIncludes bibliographical references. | ||
| 500 | _aIncludes index. | ||
| 650 | 0 | _aPlastics. | |
| 907 |
_a.b10068156 _b24-04-07 _c17-04-03 |
||
| 003 | |||
| 005 | 20230123133533.0 | ||
| 040 | _cNUST | ||
| 942 |
_cBOOKS _kTP1120 MIL |
||
| 999 |
_c150326 _d150326 |
||